Miradas en la diversidad : cuadernillo para docentes /

Guardado en:
Otros Autores: González Coll, María Mercedes, dir., Boffa, Natalia, comp., Luna Chima, Matías, fot., Luna Chima, Renzo, fot.
Formato: Libro
Publicado: Bahía Blanca : Ceiso, 2017
Materias:
Etiquetas: Agregar Etiqueta
Sin Etiquetas, Sea el primero en etiquetar este registro!
LEADER 00833nam a22002415a 4500
001 EHU.bham045178
003 AR-BHAM
005 20180510133309.0
008 130507s2017##################000#0#####d
020 |a 9789872821241 
082 3 7 |a 371.1 
245 0 0 |a Miradas en la diversidad :  |b cuadernillo para docentes /  |c Dir. Por María Mercedes González Coll : 
260 |a Bahía Blanca :  |b Ceiso,  |c 2017 
300 |a 295 p. 
500 |a Proyecto de extensión universitaria.con contenidos digitales 
653 |a Pueblos originarios 
653 |a Educación intercultural 
653 |a Formación docente 
700 1 |a González Coll, María Mercedes, dir. 
700 1 |a Boffa, Natalia, comp. 
700 1 |a Luna Chima, Matías, fot. 
700 1 |a Luna Chima, Renzo, fot. 
859 |a AR-BHAM  |b BIB. HUMANIDADES - General  |h 371.1  |i M67  |p 94.18  |t Ej.1